000
00270nam a22001217a 4500
020
_a
0-7214-0859-1
082
_a
823
_b
GRA/I
100
_a
GRANT, JOHN
245
_a
THE IRON MAN
260
_a
ENGLAND
_b
LADY BIRD
_c
43
650
_a
ENGLISH SHORT STORY
_z
ENGLAND
942
_c
BK
999
_c
2393
_d
2393